| 000 | 00832nam a22002057a 4500 | ||
|---|---|---|---|
| 999 |
_c7993 _d7993 |
||
| 003 | AR-CdUCM | ||
| 008 | 190321b ||||| |||| 00| 0 spa d | ||
| 020 | _a9972-33-239-x | ||
| 040 |
_aMUNICIPALIDAD PROVINCIAL DEL CUSCO _cBIBLIOTECA MUNICIPAL DEL CUSCO |
||
| 082 |
_a511.33 / _bG96 |
||
| 100 |
_aGutierrez Samanez, Julio Antonio _922309 |
||
| 245 |
_aLa cuadratura del circulo : _b¡Si, es posible!, con una aproximación gráfica del numero / |
||
| 260 |
_aCusco : _bGutierrez Samanez ediciones, _c2006. |
||
| 300 |
_a132 paginas ; _c24 cm. |
||
| 505 | _aContenido :Métodos gráficos -- Comprobación teórica y analítica -- Lo que se dijo acerca de la cuadratura del circulo -- La suprema belleza y las matemáticas ... | ||
| 650 |
_aAritmética _919777 |
||
| 650 |
_aÁlgebra _919778 |
||
| 942 |
_2ddc _cLIBROS |
||
| 945 | _arum | ||